01228nam a2200277 a 4500001001000000003000900010005001700019007000300036008004100039040003000080082001900110110014300129245009600272264009000368300003600458336002700494337003300521338002800554500007300582650006300655650003300718700003700751942001400788952013100802999001700933000017001DO-SdBNP20250207100736.0ta100312s19uu dr b 000 0 spa d aDO-SdBNPbspacBNPHUerda axxxbR426p222 aRepública DominicanabSecretaría de Estado de Educación, Bellas Artes y CultosbDirección General de Educación de Adultos93755310aPlan nacional de alfabetización y educación de adultos /cnotas preliminar, Felix Adam. 1aSanto Domingo :bSecretaría de Estado de Educación, Bellas Artes y Cultos,c190?. a70 páginas :bmapas ;c24 cm. atextobtxt2rdacontent asin mediaciónbn2rdamedia avolumenbnc2rdacarrier aIncluye referencias bibliográficas y notas al pie de las páginas 4aAlfabetización de adultoszRepública Dominicana937554 4aEducación de adultos914191 aAdam, Felix,4not.enotas937555 2ddccLBS1 00102ddc51708PDaBNPHUbBNPHUcCTd2010-03-12l0oBNPHU PD xxx R426pp17001-10r2020-06-25w2020-06-25yLBS1ZNo se presta c16529d16529